Pathogen to Disease - Statistics

General Stats
  • This quiz has been taken 63 times
  • The average score is 6 of 10
Answer Stats
Pathogen Disease % Correct
Vibrio cholerae Cholera
94%
Mycobacterium tuberculosis Tuberculosis
88%
Human Immunodeficiency Virus (HIV) Acquired Immunodeficiency Syndrome (AIDS)
84%
Yersinia pestis Plague
69%
SARS-CoV-2 COVID-19
66%
Bordetella pertussis Whooping cough
53%
Plasmodium Malaria
47%
Variola major Smallpox
44%
Prions Prion disease
31%
Naegleria fowleri Naegleriasis
22%
No matching quizzes found
Score Distribution
Percent of People with Each Score
Percentile by Number Answered
Your Score History
You have not taken this quiz